书目信息 |
| 题名: |
自主创新
|
|
| 作者: | 李学勇 主编 | |
| 分册: | ||
| 出版信息: | 北京 人民出版社 2011 |
|
| 页数: | 308页 | |
| 开本: | 24cm | |
| 丛书名: | ||
| 单 册: | ||
| 中图分类: | F124.3 | |
| 科图分类: | ||
| 主题词: | 技术革新--案例--中国--干部教育--教材 , 技术革新 | |
| 电子资源: | ||
| ISBN: | 978-7-01-009580-6 | |
| 000 | 00898nam0 22002651 450 | |
| 001 | 523 | |
| 005 | 20140908161849.03 | |
| 010 | @a978-7-01-009580-6@dCNY42.00 | |
| 100 | @a20120507d2011 em y0chiy50 ea | |
| 101 | 0 | @achi |
| 102 | @aCN@b110000 | |
| 105 | @aa z 000yy | |
| 106 | @ar | |
| 200 | 1 | @a自主创新@AZi Zhu Chuang Xin@f李学勇主编@FLi Xue Yong Zhu Bian |
| 210 | @a北京@c人民出版社@d2011 | |
| 215 | @a308页@c图,照片@d24cm | |
| 300 | @a科学发展主题案例 全国干部培训教材 | |
| 304 | @a全国干部培训教材编审指导委员会组织编写 | |
| 330 | @a本书共分8章,内容包括:企业技术创新、高等学校科技创新、科研院所改革创新、产学研合作创新、国家重大工程创新、区域创新等。 | |
| 606 | 0 | @a技术革新@x案例@y中国@x干部教育@j教材 |
| 606 | 0 | @a技术革新 |
| 690 | @aF124.3@v5 | |
| 701 | 0 | @a李学勇@ALi Xue Yong@f(1950.9~)@4主编 |
| 801 | 0 | @aCN@bTANGWEI@c20140603 |
| 905 | @b0837141-43@dF124.3@e200@f3 | |
| 自主创新/李学勇主编.-北京:人民出版社,2011 |
| 308页:图,照片;24cm |
| 科学发展主题案例 全国干部培训教材 |
| ISBN 978-7-01-009580-6:CNY42.00 |
| 本书共分8章,内容包括:企业技术创新、高等学校科技创新、科研院所改革创新、产学研合作创新、国家重大工程创新、区域创新等。 |
| ● |
| 相关链接 |
|
|
|
|
正题名:自主创新
索取号:F124.3/200
 
预约/预借
| 序号 | 登录号 | 条形码 | 馆藏地/架位号 | 状态 | 备注 |
| 1 | 0837141 | 208371411 | 第一样本阅览室/ [索取号:F124.3/200] | 在馆 | |
| 2 | 0837142 | 208371420 | 第一借阅区/ [索取号:F124.3/200] | 在馆 | |
| 3 | 0837143 | 208371439 | 密集书库-海洋学院/ [索取号:F124.3/200] | 在馆 |